MARC

LEADER 00000nam0a2200000 4500
001 297588
005 20231102001025.0
035 |a (RuTPU)RU\TPU\book\322721 
090 |a 297588 
100 |a 20150609d1984 km y0rusy50 ca 
101 0 |a rus 
102 |a RU 
105 |a y z 001zy 
200 1 |a Социально-экономическая эффективность жилищного строительства  |f И. И. Боровков 
210 |a Москва  |c Стройиздат  |d 1984 
215 |a 225 с. 
320 |a Библиогр.: с. 223-225 
606 1 |a Строительные работы  |x Экономическая эффективность  |2 stltpush  |3 (RuTPU)RU\TPU\subj\57775  |9 75633 
610 1 |a жилищное строительство 
610 1 |a жилищные проблемы 
610 1 |a решение 
610 1 |a качество 
675 |a 69:658.5.011.46  |v 3 
700 1 |a Боровков  |b И. И.  |g Иосиф Иванович 
801 1 |a RU  |b 63413507  |c 20150609 
801 2 |a RU  |b 63413507  |c 20181031  |g RCR 
942 |c BK